Asbestos. V 1. Properties applications and hazards. (Record no. 34683)

MARC details
000 -LEADER
fixed length control field 00356nam a2200133Ia 4500
082 ## - DEWEY DECIMAL CLASSIFICATION NUMBER
Classification number 54:61:679.867
Item number MIC.1
100 ## - MAIN ENTRY--AUTHOR NAME
Personal name CHISSICK, S S
245 #0 - TITLE STATEMENT
Title Asbestos. V 1. Properties applications and hazards.
260 ## - PUBLICATION, DISTRIBUTION, ETC. (IMPRINT)
Place of publication Chichester
Name of publisher Wiley
Year of publication 1979
650 ## - SUBJECT ADDED ENTRY--TOPICAL TERM
Topical Term Asbestos
700 ## - ADDED ENTRY--PERSONAL NAME
Personal name MICHAELS, L
942 ## - ADDED ENTRY ELEMENTS (KOHA)
Koha item type Books
Holdings
Withdrawn status Lost status Damaged status Not for loan Home library Current library Date acquired Full call number Accession Number Koha item type
        RRII Library RRII Library 16/12/2021 54:61:679.867 MIC.1 15111 Books